| 000 | 00580nam a22001937a 4500 | ||
|---|---|---|---|
| 005 | 20260305144128.0 | ||
| 008 | 260305b |||||||| |||| 00| 0 eng d | ||
| 020 | _a978-93-5465-590-6 | ||
| 050 |
_aRC 933 .S26 2022 _b1 |
||
| 100 | _aSANTHANAM, SHAM | ||
| 245 | _aLAB INVESTIGATIONS IN REUMATIC DISEASES | ||
| 250 | _aFIRST EDITION | ||
| 260 |
_aNEW DELHI /LONDON. _bJAYPEE BROTHERS MEDICAL PUBLISHERS. _c2021. |
||
| 300 | _aXVI ,150 :ILL | ||
| 500 | _aINCLUIDES ,INDEX | ||
| 650 | _aMANUAL INVESTIGATIONS IN REUMATIC DISEASES | ||
| 700 | _aRAJESWARI,S | ||
| 942 |
_2lcc _cBK |
||
| 999 |
_c216788 _d216788 |
||